000 01370nam a2200301 i 4500
001 170837
003 ES-MaACL
005 20250808215342.0
008 090408s1956 sp |||| | spa d
100 0 _aTomás de Aquino,
_cSanto
_9110514
240 1 0 _aSumma theologica.
_lEspañol-Latín
245 1 0 _aSuma teológica.
_nT. XV /
_cde Santo Tomás de Aquino ; texto latino de la edición crítica Leonina ; traducción y anotaciones por una comisión de PP. Dominicos presidida por Francisco Barbado Viejo ; introducción general por Santiago Ramírez.
260 _aMadrid :
_bLa Editorial Católica,
_c1956.
300 _aXV, 645 p. ;
_c20 cm.
490 1 _aBiblioteca de autores cristianos ;
_v145
505 8 _aContiene : Tratado del orden / versión e introducciones de Armando Bandera. Tratado del matrimonio / versión e introducciones de Sabino Alonso Morán
546 _aTexto en latín y castellano.
700 1 _aBarbado Viejo, Francisco,
_cObispo de Salamanca.
_9139678
700 0 _aRamírez, Santiago.
_995112
700 1 _aBandera, Armando.
_925177
700 1 _aAlonso Morán, Sabino,
_d1890-
_920365
740 0 _aTratado del orden.
740 0 _aTratado del matrimonio.
830 0 0 _aBiblioteca de autores cristianos
_v145
_9178679
852 _aES-MaACL
_jJ-143
_9R.46092
999 _c170837
_d170837